Statistics for African Capitals

Click here to take the quiz!

General Stats

  • This quiz has been taken 7,434 times
    (7,414 since last reset)
  • The average score is 36 of 54

Answer Stats

CountryCapital% Correct
AlgeriaAlgiers
94%
EgyptCairo
93%
South AfricaBloemfontein/Cape Town/Pretoria
90%
TunisiaTunis
88%
DjiboutiDjibouti City
88%
KenyaNairobi
87%
LibyaTripoli
85%
MoroccoRabat
82%
Sao Tome and PrincipeSao Tome
80%
Sierra LeoneFreetown
80%
Guinea-BissauBissau
80%
EthiopiaAddis Ababa
79%
AngolaLuanda
78%
SomaliaMogadishu
77%
GhanaAccra
75%
SenegalDakar
75%
Democratic Republic of the CongoKinshasa
75%
SudanKhartoum
74%
ZimbabweHarare
73%
Republic of the CongoBrazzaville
72%
NigeriaAbuja
71%
SeychellesVictoria
71%
NamibiaWindhoek
69%
UgandaKampala
69%
South SudanJuba
68%
LiberiaMonrovia
68%
RwandaKigali
66%
GabonLibreville
66%
MadagascarAntananarivo
66%
TogoLome
64%
MozambiqueMaputo
63%
TanzaniaDar Es Salaam/Dodoma
63%
ZambiaLusaka
63%
BeninPorto-Novo
63%
BotswanaGaborone
61%
EritreaAsmara
60%
MauritiusPort Louis
60%
Burkina FasoOuagadougou
60%
CameroonYaounde
59%
GuineaConakry
58%
Cape VerdePraia
58%
NigerNiamey
57%
ChadN'Djamena
57%
Central African RepublicBangui
56%
MalawiLilongwe
56%
MaliBamako
55%
GambiaBanjul
55%
ComorosMoroni
54%
SwazilandMbabane
53%
BurundiBujumbura
52%
LesothoMaseru
49%
Equatorial GuineaMalabo
46%
MauritaniaNouakchott
45%
Cote D'IvoireYamoussoukro
45%

Score Distribution

Percentile by Number Answered

Percent of People with Each Score

Your Score History

You have not taken this quiz since the last reset